Normal view
MARC view
- DURAU, F. G, WHITELAW, J. W, WITZE, P. O
Entry Personal Name
001 - CONTROL NUMBER
- control field: 67200
003 - CONTROL NUMBER IDENTIFIER
- control field: NUST
005 - DATE AND TIME OF LATEST TRANSACTION
- control field: 20210628203751.0
008 - FIXED-LENGTH DATA ELEMENTS
- fixed length control field: 210628|| aca||aabn | a|a d
040 ## - CATALOGING SOURCE
- Original cataloging agency: NUST
- Transcribing agency: NUST
100 ## - HEADING--PERSONAL NAME
- Personal name: DURAU, F. G, WHITELAW, J. W, WITZE, P. O
670 ## - SOURCE DATA FOUND
- Source citation: Work cat.: (NUST): DURAU, F. G, WHITELAW, J. W, WITZE, P. O, INSTRUMETATION FOR COMBUSTION AND FLOW IN ENGINES, 1987
